[Event "CRO-chT3A Center"]
[Site "Zagreb"]
[Date "2010.11.07"]
[Round "9.46"]
[White "Lasic, Branimir"]
[Black "Svaljek, Radmila"]
[Result "1/2-1/2"]
[WhiteElo "2065"]
[BlackElo "2007"]
[PlyCount "46"]
[EventDate "2010.03.21"]
[EventType "team-tourn"]
[EventRounds "11"]
[EventCountry "CRO"]
[SourceTitle "EXT 2012"]
[Source "ChessBase"]
[SourceDate "2011.11.24"]
[SourceVersion "1"]
[SourceVersionDate "2011.11.24"]
[SourceQuality "1"]

1. d4 d5 2. Nf3 Nf6 3. c4 e6 4. Nc3 c6 5. e3 Nbd7 6. Be2 Bd6 7. Qc2 0-0 8. 0-0 Qe7 9. e4 dxe4 10. Nxe4 Nxe4 11. Qxe4 Nf6 12. Qh4 e5 13. dxe5 Bxe5 14. Bd3 Qd6 15. Rd1 Qc7 16. Bg5 h6 17. Bxh6 gxh6 18. Qxh6 Re8 19. Ng5 Be6 20. Nh7 Nxh7 21. Bxh7+ Kh8 22. Be4+ Kg8 23. Bh7+ Kh8 1/2-1/2